00876 2200265 4500001002100000005001700021008004100038020002200079035002400101040001200125082001500137084001900152245018400171250001100355260003100366300003200397504002600429650003700455700002200492700002900514700001300543700002000556850001200576990002200588INLIS00000000002632320170323112613.0  a978-979-21-4703-2 0010-031700000000433 aYOPPDIY 223a372.83 aDEP 372.83 Ran aRANGKUMAN dan pengayaan pendidikan kewarganegaraan kelas IV SD Semester 2c/ Ratna Wulandari... [et.al]; Editor, Y.Hery Kurniyanta, Katarina Wahyu Setyorini ; Ilustrator, Harnawan aCet. 1 aYogyakartabKanisiusc2016 a109 hlm.b: ilus.c; 25 cm. aBibliografi: hlm. 108 aPendidikan dasar kewarganegaraan aY.Hery Kurniyanta aKatarina Wahyu Setyorini aHarnawan aRatna Wulandari aYOPDYOG aCB-D.11/2016-1821